| 000 | 00529cam a22001934a 4500 | ||
|---|---|---|---|
| 005 | 20250605164245.0 | ||
| 008 | 250528s ||||||||||||||||||||||||d | ||
| 035 | _a21452 | ||
| 040 |
_aGR-AtMCL _bgre _dGR-AtMCL _eAACR2 |
||
| 245 | 1 | _aCPE USE OF ENGLISH 1 (SET OF 2) | |
| 250 | _a1 | ||
| 260 |
_bExpress Publishing, _c2002 |
||
| 505 | 0 | _aINCLUDES: TEACHER'S BOOK, STUDENT'S BOOK | |
| 520 | _aINCLUDES: TEACHER'S BOOK, STUDENT'S BOOK | ||
| 700 | 1 |
_aEvans Virginia _93804 |
|
| 942 | _cBK | ||
| 999 |
_c6514 _d6514 |
||